Minecraft Structures - Statistics

General Stats
  • This quiz has been taken 386 times
    128 since last reset
  • The average score is 15 of 21
Answer Stats
Answer % Correct
Village
97%
End City
96%
Nether Fortress
96%
Bastion
94%
Pillager Outpost
88%
Desert Temple
86%
Jungle Temple
80%
Ruined Portal
80%
Ocean Monument
76%
Woodland Mansion
76%
Mineshaft
72%
Shipwreck
69%
Stronghold
66%
Ancient City
60%
Igloo
57%
Desert Well
52%
Ocean Ruins
51%
Trial Chambers
51%
Buried Treasure
42%
Swamp Hut
36%
Trail Ruins
36%
No matching quizzes found
Score Distribution
Percent of People with Each Score
Percentile by Number Answered
Your Score History
You have not taken this quiz since the last reset